Vista normal
Vista MARC
- Martínez Obregón, Ingrid Nohemí
Entrada Nombre personal
Número de registros utilizados en: 1
001 - NÚMERO DE CONTROL
- campo de control: 11539
003 - IDENTIFICADOR DE NÚMERO DE CONTROL
- campo de control: gtgcusco
005 - FECHA Y HORA DE LA ÚLTIMA TRANSACCIÓN
- campo de control: 20250310145027.0
008 - ELEMENTOS DE DATO DE LONGITUD-FIJA
- campo de control de longitud fija: 250310|| aca||aabn | a|a d
040 ## - FUENTE DE CATALOGACIÓN
- Centro catalogador/agencia de origen: gtgcusco
- Centro/agencia transcriptor: gtgcusco
100 ## - ENCABEZAMIENTO-NOMBRE DE PERSONA
- Nombre de persona: Martínez Obregón, Ingrid Nohemí
670 ## - FUENTE DE DATOS ENCONTRADOS
- Cita de la fuente: Work cat.: (gtgcusco)4585: Martínez Obregón, Ingrid Nohemí, Prevalencia de anomalías de desarrollo en incisivos superiores e inferiores detectables en radiografías periapicales en escolares de 10-12 años en la población de San Carlos Sija, Quetzaltenango y Nahualá Sololá en donde se desarrolla el programa de EPS que cuentan con aparato de rayos X (región 7 y 9 respectivamente según la distribución actual del Ministerio de Salud Pública y Asistencia Social., 2003

